000 00561nam a2200181Ia 4500
008 240729s9999 xx 000 0 und d
022 _a2724-0606
245 0 _aWorld Complexity Science Academy Journal
260 _aItaly
260 _bWorld Complexity Science Academy
650 _a Demography. Population. Vital events
650 _a Economic theory. Demography
650 _a Sociology (General) | Social Sciences
650 _aSocial Sciences
856 _uhttps://doaj.org/toc/c403869acad5418e80652d9777914e5f
942 _2ddc
942 _cDOAJEJ
999 _c70042
_d70042
945 _a1
_bMadushi Gamage
_c1
_dMadushi Gamage